000 00632nam a2200181 i 4500
001 87093
003 ES-MaACL
005 20230906175607.0
007 t|
008 041220s1972 sp ||||1| spa d
100 1 _aKossow, Irving L.
_968638
245 1 0 _aTransistores
_b: manual de autoenseñanza programada /
_cbajo la dirección de Irving L. Kossow ; [traducido por Fernando Sauone ; revisado por J.G. Barquero].
260 _aMadrid :
_bParaninfo,
_c1972.
300 _a390 p. :
_bil. ;
_c22 cm.
700 1 _aSauone, Fernando.
_9103990
700 1 _aGómez Barquero, Joaquín.
_957829
852 _aES-MaACL
_jC-46259
_bR.83666
999 _c87093
_d87093